| 000 | 00000cam 2200000zi 4500 |
| 001 | 9.958643 |
| 003 | CaOODSP |
| 005 | 20260112160322 |
| 006 | m o d f |
| 007 | cr mn||||||||| |
| 008 | 251230e202512##onc o f000 0 eng d |
| 020 | |a9780660978543 |
| 040 | |aCaOODSP|beng|erda|cCaOODSP |
| 043 | |an-cn--- |
| 086 | 1 |aM4-285/2-2025E-PDF |
| 245 | 04|aThe Interdepartmental Inclusive Science Initiative : |bimplementation strategy for science based departments and agencies inclusive science guidelines. |
| 246 | 10|aImplementation strategy for science based departments and agencies inclusive science guidelines |
| 264 | 1|a[Ottawa] : |bGovernment of Canada = Gouvernement du Canada, |cDecember 2025. |
| 264 | 4|c©2025 |
| 300 | |a1 online resource (i, 11 pages) |
| 336 | |atext|btxt|2rdacontent |
| 337 | |acomputer|bc|2rdamedia |
| 338 | |aonline resource|bcr|2rdacarrier |
| 500 | |aCover title. |
| 500 | |aIssued also in French under title: L'Initiative interministérielle sur la science inclusive : stratégie de mise en Ĺ“uvre des lignes directrices en matière de science inclusive pour les ministères et organismes à vocation scientifique. |
| 520 | |a"The Implementation Strategy has been created to support coordinated planning and implementation of the Inclusive Science Guidelines across Science-Based Departments and Agencies (SBDAs). This document is intended to serve as a roadmap for the practice of inclusive science across departments and agencies. It is expected that all federal SBDAs will adapt the Guidelines to meet the specific needs of their respective departments and agencies and ensure accountability in their response to the Clerk's Call to Action on Anti-Racism, Equity, and Inclusion in the Federal Public Service"--Context and Background, page 2. |
| 550 | |aIssued by: Natural Resources Canada. |
| 650 | 0|aScience and state|zCanada|xPlanning. |
| 650 | 0|aScience|xSocial aspects|xGovernment policy|zCanada. |
| 650 | 0|aNationalism and science|xGovernment policy|zCanada. |
| 650 | 0|aEquality|xGovernment policy|zCanada. |
| 710 | 1 |aCanada. |bNatural Resources Canada, |eissuing body. |
| 775 | 08|tL'Initiative interministérielle sur la science inclusive : |w(CaOODSP)9.958642 |
| 856 | 40|qPDF|s632 KB|uhttps://publications.gc.ca/collections/collection_2026/rncan-nrcan/M4-285-2-2025-eng.pdf |